|
|
|
|
| LEADER |
01176nam a22003252a 4500 |
| 001 |
000252246 |
| 003 |
CZ BrMZK |
| 005 |
20181012131527.0 |
| 007 |
ta |
| 008 |
950101s1967 xr a f cze d |
| 015 |
|
|
|a cnb000445217
|
| 035 |
|
|
|a (OCoLC)42164101
|
| 040 |
|
|
|a ABA001
|b cze
|c BOA001
|d ABA001
|
| 080 |
9 |
|
|a 53:61(075.8)(076.5)
|
| 245 |
0 |
0 |
|a Praktická cvičení z lékařské fyziky :
|b určeno pro posl. lék. fak. /
|c Autor: [kol.], red. Jaroslav Staněk, Ivo Hrazdira
|
| 250 |
|
|
|a 2., přeprac. vyd.
|
| 260 |
|
|
|a Praha :
|b SPN,
|c 1967
|
| 300 |
|
|
|a 65 s. :
|b il. ;
|c 4°
|
| 490 |
1 |
|
|a Učební texty vysokých škol
|
| 500 |
|
|
|a 800 výt.
|
| 500 |
|
|
|a Vyd. Univ. J.E. Purkyně v Brně
|
| 504 |
|
|
|a Obsahuje bibliografii
|
| 700 |
1 |
|
|a Hrazdira, Ivo,
|d 1930-
|7 jk01042683
|4 edt
|
| 700 |
1 |
|
|a Staněk, Jaroslav,
|d 1917-1980
|7 jk01120836
|4 edt
|
| 710 |
2 |
|
|a Univerzita J.E. Purkyně v Brně
|7 kn20010709352
|
| 810 |
2 |
|
|a Univerzita J.E. Purkyně v Brně.
|t Učební texty vysokých škol
|0 s
|
| 910 |
|
|
|a BOA001
|b 4-0515.810-67
|
| 990 |
|
|
|a BK
|
| 991 |
|
|
|b 201510
|
| 996 |
6 |
|
|b 2619838574
|c 4-0515.810-67
|l MZK
|r Sklad / do 1 hodiny
|n 2
|w 000252246
|u 000010
|a 1
|e BOA001
|j MZK50
|s P
|